CFL Football Teams Quiz - Statistics

General Stats
  • This quiz has been taken 17 times
  • The average score is 8 of 9
Answer Stats
East Division % Correct
Hamilton Tiger-Cats
100%
Calgary Stampeders
93%
Montreal Alouettes
93%
Saskatchewan Roughriders
93%
Toronto Argonauts
93%
BC Lions
87%
Winnipeg Blue Bombers
87%
Edmonton Elks
80%
Ottawa Redblacks
80%
No matching quizzes found
Score Distribution
Percent of People with Each Score
Percentile by Number Answered
Your Score History
You have not taken this quiz